000
00289nam a22001337a 4500
008
181022b xxu||||| |||| 00| 0 eng d
020
_a
9780471612193
041
_a
eng
080
_2
5th
_a
159.9
100
_a
48
101
_a
PSI
245
_a
Personality
_c
Pervin,L.A
942
_2
udc
_c
BK
999
_c
50400
_d
50400